Most Googled Countries Ever - Statistics

General Stats
  • This quiz has been taken 50 times
  • The average score is 8 of 15
Answer Stats
SVI Answer % Correct
71 China
92%
75 Australia
88%
77 Canada
88%
85 India
86%
78 Japan
86%
83 Mexico
82%
72 Egypt
57%
73 Cuba
53%
76 Colombia
41%
88 Singapore
41%
75 Peru
39%
78 Malaysia
31%
72 Belgium
20%
77 El Salvador
8%
88 Luxembourg
8%
No matching quizzes found
Score Distribution
Percent of People with Each Score
Percentile by Number Answered
Your Score History
You have not taken this quiz